01306nam a2200373 a 4500001001000000003000900010005001700019007001000036008004000046020001500086040002200101082002100123100004000144245010700184250001300291260003300304300002800337504003300365650001700398650002200415650003100437650001900468650002000487650002000507710007700527910003700604930004000641942001200681945003300693952011300726956004000839956003800879999001500917000043774DO-SdBNP20170922134410.0000043774130410s2004 dr a 001 0 spa d a9993400610 aBPMSUbspacBPMSU04a301bM385n, 20041 aMartínez Almanzar, Juan Francisco10aNociones de sociología :bintrodución a la ciencia sociales /cJuan Francisco Martínez Almanzar. a8a. ed.  aSanto Domingo :bCAIS,c2004 a435 p. :bil. ;c21 cm. aBibliografía : p. 433-435. 4aSOCIOLOGÍA 4aCIENCIAS SOCIALES 4aMETODOLOGÍA CIENTÍFICA 4aANTROPOLOGÍA 4aGRUPOS SOCIALES 4aCLASES SOCIALES2 aCentro de Adiestramiento e Investigación Social (República Dominica) aValidado. Control de calidad MFF 1lBND01mLF1820140428f01pHDg44433 2ddccBK aTitulo remanejado para BNPHU 00102ddc40708CDaBPMETbBPMETd2015-07-14l0o301 M385n, 2004pBPMSU15070206r2015-07-14w2015-07-14yBK aWMENDOZAb10c20140428lBND01h1135 aVMATEOb10c20140429lBND01h1552 c7551d7551